El cesarismo en América Latina

Kaydedildi:
Detaylı Bibliyografya
Yazar: Peralta Pizarro, Ariel (Yazar)
Materyal Türü: Kitap
Dil:İspanyolca
Baskı/Yayın Bilgisi: Santiago ORBE 1966
Konular:
Etiketler: Etiketle
Etiket eklenmemiş, İlk siz ekleyin!

MARC

LEADER 00000nam a2200000 a 4500
001 UCW9778
003 CL-VaPUC
008 890620e19660000CL |||||||||||||||||spa|d
082 0 4 |a 321.9  |b PER  |2 21 
100 0 |a Peralta Pizarro, Ariel  |e author  |9 315212 
245 1 3 |a El cesarismo en América Latina 
300 |a 162 p 
942 |c BK 
945 |d 19890620 00:00:00 
260 |a Santiago  |b ORBE  |c 1966 
650 0 |a Dictadores   |9 257742 
650 0 |a Psicología   |9 257863 
651 0 |a América Latina   |9 255027 
583 |a last modification  |c 19890620 00:00:00  |k Rodrigo Vera 
999 |c 221661  |d 221659 
952 |0 0  |1 0  |4 0  |6 321_900000000000000_PER_1966  |7 0  |8 A  |9 215374  |a BIBHIS  |b BIBHIS  |d 2019-11-15  |i 2837927  |o 321.9 PER 1966  |p 2837927  |r 2025-01-20  |w 2019-11-15  |y BK  |k HIS